|
|
|
|
| LEADER |
00000nab a2200000 ar4500 |
| 001 |
vtls009002572 |
| 003 |
SK-MaSNL |
| 005 |
20260304151242.0 |
| 008 |
250506c2007 xo qr|p|||n |000 b|slo |
| 015 |
|
|
|a SNBRB2007/06
|
| 035 |
|
|
|a (uuid)6975c440-8a69-448d-b264-c275f83ccfc8
|
| 035 |
|
|
|a urn:nbn:sk:snk-abf4zs
|
| 035 |
|
|
|a (urnnbn)urn:nbn:sk:snk:ar-a09pey
|
| 038 |
|
|
|a SPK
|
| 040 |
|
|
|a SNKBUCL
|b slo
|c SNKBUCL
|e AACR2
|
| 041 |
0 |
|
|a slo
|
| 044 |
|
|
|a xo
|c SK
|
| 072 |
|
7 |
|a 004.9
|x Špeciálne počítačové metódy. Počítačová grafika
|2 konspekt
|
| 080 |
|
|
|a 004.91
|2 UDC-MRF-SK2
|
| 080 |
|
|
|a 02
|2 UDC-MRF-SK2
|
| 100 |
1 |
|
|a Šušol, Jaroslav,
|d 1963-
|4 aut
|9 210249
|
| 245 |
1 |
0 |
|a Elektornické formy publikovania a činnosť knižnice
|c Jaroslav Šušol
|
| 504 |
|
|
|a Bibliogr. odkazy
|
| 650 |
0 |
7 |
|a elektronické publikovanie
|2 snkbucl
|9 51412
|
| 650 |
0 |
7 |
|a knižnice
|2 snkbucl
|9 17965
|
| 773 |
0 |
|
|t IT lib : informačné technológie a knižnice
|g Roč. [10], č. 4 (2006), s. 5-11
|x 1335-793X
|
| 850 |
|
|
|a Slovenská národná knižnica
|
| 852 |
|
|
|a Slovenská národná knižnica
|
| 856 |
4 |
1 |
|u www.ctvisr.sk/itlib
|
| 954 |
|
|
|a odborná, vedecká literatúra pôvodná (slovenská)
|2 lita
|
| 958 |
|
|
|a article27
|
| 958 |
|
|
|a OND
|
| 958 |
|
|
|a NB
|2 spk
|
| 958 |
|
|
|a EUIPO
|
| 999 |
|
|
|c 2942423
|d 2944353
|